Groupes français - Mort subite - Statistiques

Statistiques générales
  • Ce quiz a été pris 145 864 fois
  • Le résultat moyen est 5 sur 21
Answers on the Grid
Answers color-coded by a green-red scale on the quiz's grid according to % correct below.
Videoclub
Daft Punk
Gold
2Be3
Niagara
Rita Mitsouko
Gojira
Manau
NTM
IAM
Superbus
Kyo
PNL
L5
BB Brunes
Peter & Sloane
Kids United
Kassav'
Saez
Black Desire
Aerosmith
Franz Ferdinand
Imagine Dragons
Scorpions
U2
Lio
Desireless
Depeche Mode
Police
Nirvana
Magic System
Kavinsky
Brigitte
Bigflo & Oli
a-ha
Shaka Ponk
 
Statistiques - réponses
Réponse % Correct
Bigflo & Oli
52%
PNL
47%
Daft Punk
41%
Kids United
41%
NTM
37%
IAM
34%
Kyo
34%
BB Brunes
32%
Videoclub
27%
Shaka Ponk
24%
Manau
21%
Superbus
19%
Rita Mitsouko
18%
Gojira
17%
L5
16%
2Be3
15%
Brigitte
12%
Niagara
12%
Gold
11%
Peter & Sloane
10%
Kassav'
8%
Aucun quiz correspondant
Distribution des résultats
% des personnes avec chaque résultat
Percentile par nombre de réponses
Votre historique - résultats
Vous n’avez pas pris ce quiz